Statistiques concernant Les pays qui ont organisé au moins 2 fois les Jeux Olympiques d'été

Cliquez ici pour prendre le quiz!

Statistiques générales

  • Ce quiz a été pris 270 fois
  • Le résultat moyen est 6 sur 7

Statistiques - réponses

Nombre de JO organisésPays% Correct
4Etats-Unis (1904,1932,1984,1996)
100%
2France (1900,1924)
99%
3Royaume-Uni (1908,1948,2012)
96%
2Allemagne (1936,1972)
94%
2Japon (1964,2020)
90%
2Australie (1956,2000)
86%
2Grèce (1896,2004)
79%

Distribution des résultats

Percentile par nombre de réponses

% des personnes avec chaque résultat

Votre développement - résultats

Vous n’avez pas pris ce quiz